000 00360nam a2200145Ia 4500
008 230312s9999||||xx |||||||||||||| ||und||
020 _a84-9936-516-9
082 _a749.63
_bAL-L
100 _aAlonso;Claudia
245 0 _aEssentials tips Lighting
260 _bKONEMANN
_aspain
_c2014
300 _a503
650 _aArchitecture
_vArchitecture
942 _cBK
999 _c12650
_d12650